| 000 | 00759nam a22002057a 4500 | ||
|---|---|---|---|
| 003 | DO-SdBNP | ||
| 005 | 20171124104415.0 | ||
| 008 | 171123b 1990 nyu a ||||| |||| 00| 0 spa d | ||
| 020 | _a9275710279 | ||
| 040 |
_aBPMSU _bspa _cBPMSU |
||
| 092 |
_axxxxx _bxxxxx |
||
| 245 | 0 | 0 |
_aEvaluacion para el planeamiento de programas de educacion para la salud : _bguía para técnicos medios y auxiliares. |
| 260 |
_aEstados Unidos : _b OPS (Organizacion Panamericana de la Salud), _c1990. |
||
| 300 |
_a106 p. : _bil. ; _c23 cm. |
||
| 490 | 1 |
_a Paltex para Tecnicos Medios y Auxiliares _v18 |
|
| 830 | 0 |
_a Paltex para Tecnicos Medios y Auxiliares _v18 |
|
| 942 |
_2ddc _cBK |
||
| 945 | _aInventario / 2017 LP | ||
| 956 |
_aLOPEREZ _b10 _c20171123 _h0041 _iBPMSU |
||
| 999 |
_c13057 _d13057 |
||